Surnom de ville #1 - Statistiques

Statistiques générales
  • Ce quiz a été pris 161 fois
    139 depuis la dernière actualisation
  • Le résultat moyen est 8 sur 20
Statistiques - réponses
Hint Réponse % Correct
La Venisedu Nord Bruges,Amsterdam, Saint Petersbourg, Stockholm
81%
La ville rose Toulouse
81%
La cité aux septcollines Rome
75%
La cité des Papes Avignon
67%
La Cité interdite Pékin
67%
La capitale desGaules Lyon
64%
La perledu Danube Budapest
55%
La ville trois fois sainte Jérusalem
54%
La Berlin desBalkans Belgrade
49%
Sin City Las Vegas
44%
Motor City Détroit
37%
La reine du Tage Lisbonne
35%
Le Parisdes Balkans Bucarest
33%
La Troisième Rome Moscou
27%
La ville auxmille minarets Le Caire
16%
La Mecque desrévolutionnaires Alger
15%
La capitale duchampagne Epernay
15%
La Romeprotestante Genève
11%
The Hub Boston
9%
La Venise polonaise Wroclaw
8%
Aucun quiz correspondant
Distribution des résultats
% des personnes avec chaque résultat
Percentile par nombre de réponses
Votre historique - résultats
Vous n’avez pas pris ce quiz depuis la dernière actualisation